[Event "DVM U12 2023"]
[Site "Magdeburg GER"]
[Date "2023.12.27"]
[Round "2"]
[White "Dell, Philip"]
[Black "Kollmer, Otto"]
[Result "1-0"]
[Termination "normal"]
[Board "2.4"]
[WhiteElo "1319"]
[BlackElo "1029"]
[WhiteClock "00:35:46"]
[BlackClock "01:08:23"]
[WhiteTeam "Düsseldorfer SV 1854"]
[BlackTeam "VSG 1880 Offenbach"]
[PlyCount "77"]
[WhiteFideId "34619585"]
[BlackFideId "34660712"]
[EventCountry "GER"]
[EventRounds "7"]
[EventType "team-swiss"]
[EventDate "2023.12.26"]

1. b4 {[%clk 01:30:21]} {[%emt 00:00:38]} e5 {[%clk 01:30:38]} {[%emt
00:00:19]} 2. Bb2 {[%clk 01:30:48]} {[%emt 00:00:06]} Nc6 {[%clk 01:30:57]}
{[%emt 00:00:11]} 3. b5 {[%clk 01:31:13]} {[%emt 00:00:06]} Nd4 {[%clk
01:30:51]} {[%emt 00:00:36]} 4. e3 {[%clk 01:31:35]} {[%emt 00:00:07]} Nf5
{[%clk 01:30:19]} {[%emt 00:01:03]} 5. Bxe5 {[%clk 01:31:24]} {[%emt 00:00:40]}
Nf6 {[%clk 01:30:30]} {[%emt 00:00:21]} 6. Nf3 {[%clk 01:31:20]} {[%emt
00:00:34]} Bc5 {[%clk 01:30:22]} {[%emt 00:00:37]} 7. d4 {[%clk 01:31:02]}
{[%emt 00:00:47]} Bb4+ {[%clk 01:30:10]} {[%emt 00:00:43]} 8. c3 {[%clk
01:31:21]} {[%emt 00:00:11]} Ba5 {[%clk 01:28:58]} {[%emt 00:01:42]} 9. Bd3
{[%clk 01:30:59]} {[%emt 00:00:52]} d6 {[%clk 01:28:35]} {[%emt 00:00:52]} 10.
Bf4 {[%clk 01:27:29]} {[%emt 00:03:59]} Be6 {[%clk 01:27:59]} {[%emt 00:01:08]}
11. O-O {[%emt 00:00:55]} O-O {[%clk 01:28:06]} {[%emt 00:00:21]} 12. e4 {[%clk
01:27:00]} {[%emt 00:00:36]} Ne7 {[%clk 01:28:12]} {[%emt 00:00:23]} 13. Qc2
{[%clk 01:23:03]} {[%emt 00:04:25]} Ng6 {[%clk 01:26:24]} {[%emt 00:02:21]} 14.
Bg5 {[%clk 01:20:52]} {[%emt 00:02:35]} h6 {[%clk 01:25:57]} {[%emt 00:01:02]}
15. Bxf6 {[%clk 01:20:57]} {[%emt 00:00:25]} Qxf6 {[%clk 01:26:04]} {[%emt
00:00:23]} 16. e5 {[%clk 01:19:58]} {[%emt 00:01:27]} dxe5 {[%clk 01:24:08]}
{[%emt 00:02:29]} 17. Bxg6 {[%clk 01:20:07]} {[%emt 00:00:20]} Qxg6 {[%clk
01:24:15]} {[%emt 00:00:23]} 18. Qxg6 {[%clk 01:20:19]} {[%emt 00:00:17]} fxg6
{[%clk 01:24:37]} {[%emt 00:00:08]} 19. Nxe5 {[%clk 01:20:37]} {[%emt
00:00:12]} Rf6 {[%clk 01:24:27]} {[%emt 00:00:40]} 20. Rc1 {[%clk 01:15:30]}
{[%emt 00:05:35]} Raf8 {[%clk 01:24:03]} {[%emt 00:00:56]} 21. f3 {[%clk
01:14:30]} {[%emt 00:01:30]} g5 {[%clk 01:23:36]} {[%emt 00:00:58]} 22. Nd2
{[%clk 01:13:59]} {[%emt 00:01:00]} Kh7 {[%clk 01:23:00]} {[%emt 00:01:07]} 23.
Ne4 {[%clk 01:13:24]} {[%emt 00:01:05]} Rf4 {[%clk 01:22:51]} {[%emt 00:00:37]}
24. g3 {[%clk 01:10:25]} {[%emt 00:03:31]} R4f5 {[%clk 01:21:55]} {[%emt
00:01:25]} 25. c4 {[%clk 01:07:08]} {[%emt 00:03:48]} Rd8 {[%clk 01:19:42]}
{[%emt 00:02:40]} 26. Nc5 {[%clk 01:06:03]} {[%emt 00:01:38]} Bc8 {[%clk
01:18:38]} {[%emt 00:01:33]} 27. Nb3 {[%clk 01:04:55]} {[%emt 00:01:39]} Bb4
{[%clk 01:18:32]} {[%emt 00:00:35]} 28. c5 {[%clk 01:02:05]} {[%emt 00:03:19]}
Be6 {[%clk 01:17:59]} {[%emt 00:01:03]} 29. c6 {[%clk 00:38:35]} {[%emt
00:24:01]} b6 {[%clk 01:17:22]} {[%emt 00:01:07]} 30. Nd3 {[%clk 00:35:07]}
{[%emt 00:03:57]} Bxb3 {[%clk 01:16:19]} {[%emt 00:01:33]} 31. axb3 {[%clk
00:35:23]} {[%emt 00:00:14]} Rxd4 {[%clk 01:16:33]} {[%emt 00:00:15]} 32. Nxb4
{[%clk 00:35:48]} {[%emt 00:00:06]} Rxb4 {[%clk 01:16:46]} {[%emt 00:00:16]}
33. Rxa7 {[%clk 00:36:03]} {[%emt 00:00:15]} Rxb3 {[%clk 01:16:40]} {[%emt
00:00:37]} 34. Rxc7 {[%clk 00:36:12]} {[%emt 00:00:21]} Rbxb5 {[%emt 00:00:21]}
35. Rb7 {[%emt 00:02:48]} Rf8 {[%clk 01:12:01]} {[%emt 00:01:57]} 36. c7 {[%clk
00:36:03]} {[%emt 00:00:39]} Rc5 {[%clk 01:08:36]} {[%emt 00:03:55]} 37. Rxc5
{[%clk 00:35:44]} {[%emt 00:00:50]} bxc5 {[%clk 01:08:23]} {[%emt 00:00:42]}
38. Rb8 {[%clk 00:35:46]} {[%emt 00:00:28]} Rxb8 {[%emt 00:03:53]} 39. cxb8=Q
{[%emt 00:00:12]} 1-0

[Event "DVM U12 2023"]
[Site "Magdeburg GER"]
[Date "2023.12.27"]
[Round "2"]
[White "Rodriguez Klasen, Ennio"]
[Black "Ramming, Moritz"]
[Result "0-1"]
[Termination "normal"]
[Board "3.1"]
[WhiteElo "1622"]
[BlackElo "1629"]
[WhiteClock "00:00:52"]
[BlackClock "00:58:07"]
[WhiteTeam "SV Empor Berlin"]
[BlackTeam "SK Kelheim 1920"]
[PlyCount "132"]
[WhiteFideId "16277414"]
[BlackFideId "34618198"]
[EventCountry "GER"]
[EventRounds "7"]
[EventType "team-swiss"]
[EventDate "2023.12.26"]

1. e4 {[%clk 01:30:52]} {[%emt 00:00:06]} c5 {[%clk 01:30:53]} {[%emt
00:00:08]} 2. Nc3 {[%clk 01:31:01]} {[%emt 00:00:21]} a6 {[%clk 01:31:17]}
{[%emt 00:00:06]} 3. a4 {[%clk 01:29:46]} {[%emt 00:01:45]} e6 {[%clk
01:30:36]} {[%emt 00:01:10]} 4. d4 {[%clk 01:29:00]} {[%emt 00:01:17]} cxd4
{[%clk 01:30:32]} {[%emt 00:00:34]} 5. Qxd4 {[%clk 01:29:16]} {[%emt 00:00:13]}
Nc6 {[%clk 01:30:34]} {[%emt 00:00:29]} 6. Qd3 {[%clk 01:29:00]} {[%emt
00:00:47]} d6 {[%clk 01:30:16]} {[%emt 00:00:47]} 7. Nf3 {[%clk 01:28:29]}
{[%emt 00:01:01]} Nf6 {[%clk 01:29:20]} {[%emt 00:01:27]} 8. Bf4 {[%clk
01:26:34]} {[%emt 00:02:24]} e5 {[%clk 01:27:10]} {[%emt 00:02:41]} 9. Bg5
{[%clk 01:26:51]} {[%emt 00:00:12]} Be7 {[%clk 01:26:52]} {[%emt 00:00:47]} 10.
Rd1 {[%clk 01:17:39]} {[%emt 00:09:43]} Be6 {[%clk 01:26:37]} {[%emt 00:00:45]}
11. Bxf6 {[%clk 01:13:38]} {[%emt 00:04:31]} gxf6 {[%clk 01:26:58]} {[%emt
00:00:09]} 12. Nd5 {[%clk 01:11:03]} {[%emt 00:03:05]} Qa5+ {[%clk 01:24:23]}
{[%emt 00:03:05]} 13. c3 {[%clk 01:08:47]} {[%emt 00:02:46]} Rd8 {[%clk
01:19:17]} {[%emt 00:05:36]} 14. Qc2 {[%clk 01:03:05]} {[%emt 00:06:11]} Bxd5
{[%clk 01:18:19]} {[%emt 00:01:29]} 15. Rxd5 {[%clk 00:51:41]} {[%emt
00:11:53]} Qc7 {[%clk 01:18:25]} {[%emt 00:00:25]} 16. Bc4 {[%clk 00:40:51]}
{[%emt 00:11:20]} Rd7 {[%clk 01:14:36]} {[%emt 00:04:19]} 17. Nh4 {[%clk
00:34:08]} {[%emt 00:07:14]} Nd8 {[%clk 01:13:21]} {[%emt 00:01:45]} 18. Qb3
{[%clk 00:31:01]} {[%emt 00:03:37]} Qc6 {[%clk 01:12:22]} {[%emt 00:01:29]} 19.
f3 {[%clk 00:28:15]} {[%emt 00:03:16]} Rc7 {[%clk 01:11:39]} {[%emt 00:01:14]}
20. Be2 {[%clk 00:26:50]} {[%emt 00:01:54]} Ne6 {[%clk 01:11:00]} {[%emt
00:01:09]} 21. g3 {[%clk 00:14:06]} {[%emt 00:13:13]} Nc5 {[%clk 01:10:23]}
{[%emt 00:01:09]} 22. Qb4 {[%clk 00:12:19]} {[%emt 00:02:17]} Qxa4 {[%clk
01:09:22]} {[%emt 00:01:30]} 23. Nf5 {[%clk 00:09:23]} {[%emt 00:03:26]} Rc6
{[%clk 01:06:44]} {[%emt 00:03:09]} 24. O-O {[%clk 00:07:23]} {[%emt 00:02:29]}
Kd7 {[%clk 00:59:47]} {[%emt 00:07:27]} 25. Rfd1 {[%clk 00:05:51]} {[%emt
00:02:02]} b5 {[%clk 00:58:01]} {[%emt 00:02:16]} 26. Bf1 {[%clk 00:01:05]}
{[%emt 00:05:16]} Qxb4 {[%clk 00:57:51]} {[%emt 00:00:40]} 27. cxb4 {[%clk
00:01:32]} {[%emt 00:00:04]} Ne6 {[%clk 00:57:57]} {[%emt 00:00:24]} 28. Nh6
{[%clk 00:00:38]} {[%emt 00:01:24]} Rf8 {[%clk 00:57:25]} {[%emt 00:01:01]} 29.
Bh3 {[%clk 00:00:48]} {[%emt 00:00:20]} Bd8 {[%clk 00:55:13]} {[%emt 00:02:43]}
30. Nf5 {[%clk 00:00:42]} {[%emt 00:00:36]} Bc7 {[%clk 00:54:13]} {[%emt
00:01:30]} 31. R1d2 {[%clk 00:00:37]} {[%emt 00:00:35]} h5 {[%clk 00:52:58]}
{[%emt 00:01:45]} 32. Kg2 {[%clk 00:00:37]} {[%emt 00:00:31]} Rd8 {[%clk
00:52:46]} {[%emt 00:00:42]} 33. Ng7 {[%clk 00:00:37]} {[%emt 00:00:30]} h4
{[%clk 00:51:42]} {[%emt 00:01:33]} 34. b3 {[%clk 00:00:34]} {[%emt 00:00:33]}
Rg8 {[%clk 00:51:26]} {[%emt 00:00:46]} 35. Nh5 {[%clk 00:00:35]} {[%emt
00:00:30]} Ke7 {[%clk 00:51:43]} {[%emt 00:00:12]} 36. Bxe6 {[%clk 00:00:42]}
{[%emt 00:00:23]} fxe6 {[%clk 00:52:00]} {[%emt 00:00:13]} 37. R5d3 {[%clk
00:01:00]} {[%emt 00:00:12]} Rg5 {[%clk 00:51:51]} {[%emt 00:00:39]} 38. g4
{[%clk 00:01:16]} {[%emt 00:00:13]} Bb6 {[%clk 00:50:39]} {[%emt 00:01:41]} 39.
Kh3 {[%clk 00:01:17]} {[%emt 00:00:30]} Bd4 {[%clk 00:50:00]} {[%emt 00:01:09]}
40. Ra2 {[%clk 00:00:43]} {[%emt 00:01:04]} Rg8 {[%clk 00:48:37]} {[%emt
00:01:52]} 41. Kxh4 {[%clk 00:12:42]} {[%emt 00:18:30]} Bc3 {[%clk 01:18:11]}
{[%emt 00:00:57]} 42. Kg3 {[%clk 00:05:02]} {[%emt 00:08:10]} Be1+ {[%clk
01:16:16]} {[%emt 00:02:25]} 43. Kg2 {[%clk 00:04:09]} {[%emt 00:01:23]} f5
{[%clk 01:15:27]} {[%emt 00:01:19]} 44. Kf1 {[%clk 00:03:35]} {[%emt 00:01:04]}
Bxb4 {[%clk 01:14:56]} {[%emt 00:01:00]} 45. h3 {[%clk 00:02:53]} {[%emt
00:01:11]} Rc1+ {[%clk 01:13:42]} {[%emt 00:01:45]} 46. Kg2 {[%clk 00:02:57]}
{[%emt 00:00:26]} a5 {[%clk 01:12:06]} {[%emt 00:02:07]} 47. exf5 {[%clk
00:02:32]} {[%emt 00:00:56]} exf5 {[%clk 01:11:24]} {[%emt 00:01:12]} 48. Rd5
{[%clk 00:01:49]} {[%emt 00:01:12]} Rc5 {[%clk 01:07:40]} {[%emt 00:04:14]} 49.
Rxc5 {[%clk 00:01:09]} {[%emt 00:01:10]} dxc5 {[%clk 01:07:18]} {[%emt
00:00:52]} 50. Ng3 {[%clk 00:00:41]} {[%emt 00:00:57]} f4 {[%clk 01:06:48]}
{[%emt 00:01:00]} 51. Ne4 {[%clk 00:00:49]} {[%emt 00:00:22]} c4 {[%clk
01:06:28]} {[%emt 00:00:50]} 52. bxc4 {[%clk 00:00:55]} {[%emt 00:00:25]} bxc4
{[%clk 01:06:39]} {[%emt 00:00:19]} 53. Rc2 {[%clk 00:00:46]} {[%emt 00:00:39]}
Rc8 {[%clk 01:06:39]} {[%emt 00:00:28]} 54. Kf2 {[%clk 00:00:36]} {[%emt
00:00:42]} a4 {[%clk 01:04:24]} {[%emt 00:02:45]} 55. Nc3 {[%clk 00:00:35]}
{[%emt 00:00:30]} Bc5+ {[%clk 01:03:23]} {[%emt 00:01:32]} 56. Ke2 {[%clk
00:00:46]} {[%emt 00:00:19]} a3 {[%clk 01:03:06]} {[%emt 00:00:48]} 57. Na2
{[%clk 00:00:37]} {[%emt 00:00:38]} Bd4 {[%clk 01:02:43]} {[%emt 00:00:53]} 58.
h4 {[%clk 00:00:46]} {[%emt 00:00:21]} Rb8 {[%clk 01:02:58]} {[%emt 00:00:15]}
59. Kd2 {[%clk 00:00:55]} {[%emt 00:00:20]} Rb2 {[%clk 00:59:32]} {[%emt
00:03:56]} 60. Rxb2 {[%clk 00:00:57]} {[%emt 00:00:28]} axb2 {[%clk 00:59:36]}
{[%emt 00:00:27]} 61. Kc2 {[%clk 00:01:07]} {[%emt 00:00:19]} e4 {[%clk
00:59:19]} {[%emt 00:00:48]} 62. Nb4 {[%clk 00:00:37]} {[%emt 00:01:00]} Bc5
{[%clk 00:57:59]} {[%emt 00:01:50]} 63. Nd5+ {[%clk 00:00:44]} {[%emt
00:00:23]} Kd6 {[%clk 00:57:37]} {[%emt 00:00:51]} 64. Nxf4 {[%clk 00:00:33]}
{[%emt 00:00:40]} exf3 {[%clk 00:57:57]} {[%emt 00:00:10]} 65. Nh3 {[%clk
00:00:40]} {[%emt 00:00:23]} c3 {[%clk 00:58:20]} {[%emt 00:00:07]} 66. h5
{[%clk 00:00:52]} {[%emt 00:00:17]} f2 {[%clk 00:58:07]} {[%emt 00:00:43]} 0-1

[Event "DVM U12 2023"]
[Site "Magdeburg GER"]
[Date "2023.12.27"]
[Round "2"]
[White "Sitnik, Arthur"]
[Black "Müller, Anker"]
[Result "0-1"]
[Termination "normal"]
[Board "3.2"]
[WhiteElo "1386"]
[BlackElo "1548"]
[WhiteClock "00:24:11"]
[BlackClock "00:10:03"]
[WhiteTeam "SK Kelheim 1920"]
[BlackTeam "SV Empor Berlin"]
[PlyCount "74"]
[WhiteFideId "34608150"]
[BlackFideId "1472070"]
[EventCountry "GER"]
[EventRounds "7"]
[EventType "team-swiss"]
[EventDate "2023.12.26"]

1. e4 {[%clk 01:30:58]} {[%emt 00:00:02]} c6 {[%clk 01:30:53]} {[%emt
00:00:07]} 2. d4 {[%clk 01:31:26]} {[%emt 00:00:02]} d5 {[%clk 01:31:01]}
{[%emt 00:00:22]} 3. exd5 {[%clk 01:31:53]} {[%emt 00:00:03]} cxd5 {[%clk
01:31:21]} {[%emt 00:00:09]} 4. Bd3 {[%clk 01:32:19]} {[%emt 00:00:06]} Nc6
{[%clk 01:31:16]} {[%emt 00:00:34]} 5. Nf3 {[%clk 01:32:44]} {[%emt 00:00:04]}
Bg4 {[%clk 01:31:11]} {[%emt 00:00:35]} 6. c3 {[%clk 01:32:54]} {[%emt
00:00:21]} Nf6 {[%clk 01:30:41]} {[%emt 00:01:00]} 7. h3 {[%clk 01:33:03]}
{[%emt 00:00:22]} Bh5 {[%clk 01:31:03]} {[%emt 00:00:07]} 8. Bf4 {[%clk
01:33:13]} {[%emt 00:00:20]} e6 {[%clk 01:24:05]} {[%emt 00:07:27]} 9. Nbd2
{[%clk 01:33:22]} {[%emt 00:00:21]} Bd6 {[%clk 01:23:53]} {[%emt 00:00:41]} 10.
Bg3 {[%clk 01:31:56]} {[%emt 00:01:58]} Bxg3 {[%clk 01:23:13]} {[%emt
00:01:09]} 11. fxg3 {[%clk 01:32:22]} {[%emt 00:00:05]} Qc7 {[%clk 01:22:14]}
{[%emt 00:01:27]} 12. O-O {[%clk 01:26:36]} {[%emt 00:06:17]} Qxg3 {[%clk
01:17:20]} {[%emt 00:05:23]} 13. Qb3 {[%clk 01:24:40]} {[%emt 00:02:26]} Qc7
{[%clk 01:15:27]} {[%emt 00:02:23]} 14. c4 {[%clk 01:20:07]} {[%emt 00:05:03]}
dxc4 {[%clk 01:13:21]} {[%emt 00:02:37]} 15. Bxc4 {[%clk 01:20:21]} {[%emt
00:00:15]} O-O {[%clk 01:11:49]} {[%emt 00:02:01]} 16. Rac1 {[%clk 01:19:41]}
{[%emt 00:01:11]} Qd7 {[%clk 01:03:04]} {[%emt 00:09:15]} 17. Bb5 {[%clk
01:17:08]} {[%emt 00:03:02]} Nxd4 {[%clk 00:57:36]} {[%emt 00:05:58]} 18. Bxd7
{[%clk 01:11:45]} {[%emt 00:05:54]} Nxb3 {[%clk 00:57:17]} {[%emt 00:00:50]}
19. Nxb3 {[%clk 01:10:39]} {[%emt 00:01:36]} Nxd7 {[%clk 00:54:04]} {[%emt
00:03:43]} 20. Rc7 {[%clk 01:09:25]} {[%emt 00:01:43]} Bxf3 {[%clk 00:51:00]}
{[%emt 00:03:34]} 21. Rxf3 {[%clk 01:07:57]} {[%emt 00:01:59]} Nf6 {[%clk
00:49:25]} {[%emt 00:02:05]} 22. Rxb7 {[%clk 01:07:59]} {[%emt 00:00:27]} Rfb8
{[%clk 00:46:00]} {[%emt 00:03:56]} 23. Rc7 {[%clk 01:06:15]} {[%emt 00:02:14]}
Rc8 {[%clk 00:46:12]} {[%emt 00:00:18]} 24. Rb7 {[%clk 01:04:21]} {[%emt
00:02:24]} a5 {[%clk 00:45:19]} {[%emt 00:01:22]} 25. Rc3 {[%clk 01:01:53]}
{[%emt 00:02:58]} a4 {[%clk 00:40:29]} {[%emt 00:05:18]} 26. Nc5 {[%clk
00:57:47]} {[%emt 00:04:39]} Nd5 {[%clk 00:38:41]} {[%emt 00:02:18]} 27. Rc4
{[%clk 00:56:02]} {[%emt 00:02:15]} a3 {[%clk 00:31:09]} {[%emt 00:08:01]} 28.
b3 {[%clk 00:41:33]} {[%emt 00:15:00]} h6 {[%clk 00:27:56]} {[%emt 00:03:44]}
29. Nd7 {[%clk 00:36:55]} {[%emt 00:05:07]} Nc3 {[%clk 00:20:14]} {[%emt
00:08:10]} 30. Rbb4 {[%clk 00:27:48]} {[%emt 00:09:39]} Rxc4 {[%clk 00:19:16]}
{[%emt 00:01:28]} 31. Rxc4 {[%clk 00:26:32]} {[%emt 00:01:46]} Nxa2 {[%clk
00:17:46]} {[%emt 00:01:59]} 32. Nc5 {[%clk 00:25:53]} {[%emt 00:01:10]} Nb4
{[%clk 00:11:48]} {[%emt 00:06:28]} 33. Na4 {[%clk 00:24:01]} {[%emt 00:02:22]}
a2 {[%clk 00:10:41]} {[%emt 00:01:36]} 34. Rc1 {[%clk 00:24:04]} {[%emt
00:00:28]} Nc2 {[%clk 00:10:31]} {[%emt 00:00:40]} 35. Nb6 {[%clk 00:23:35]}
{[%emt 00:01:00]} a1=Q {[%clk 00:09:37]} {[%emt 00:01:24]} 36. Rxa1 {[%clk
00:23:58]} {[%emt 00:00:07]} Rxa1+ {[%clk 00:09:58]} {[%emt 00:00:09]} 37. Kf2
{[%clk 00:24:11]} {[%emt 00:00:17]} Rb1 {[%clk 00:10:03]} {[%emt 00:00:25]} 0-1

[Event "DVM U12 2023"]
[Site "Magdeburg GER"]
[Date "2023.12.27"]
[Round "2"]
[White "Gundermann, Mika Oleg"]
[Black "Neumeier, Konstantin"]
[Result "0-1"]
[Termination "normal"]
[Board "3.3"]
[WhiteElo "1636"]
[BlackElo "1394"]
[WhiteClock "00:01:32"]
[BlackClock "00:24:43"]
[WhiteTeam "SV Empor Berlin"]
[BlackTeam "SK Kelheim 1920"]
[PlyCount "70"]
[WhiteFideId "34606513"]
[BlackFideId "34608230"]
[EventCountry "GER"]
[EventRounds "7"]
[EventType "team-swiss"]
[EventDate "2023.12.26"]

1. d4 {[%clk 01:30:42]} {[%emt 00:00:17]} d5 {[%clk 01:30:54]} {[%emt
00:00:06]} 2. Nc3 {[%clk 01:30:59]} {[%emt 00:00:13]} Nf6 {[%clk 01:31:19]}
{[%emt 00:00:05]} 3. Bf4 {[%clk 01:31:24]} {[%emt 00:00:05]} a6 {[%clk
01:31:35]} {[%emt 00:00:14]} 4. e3 {[%clk 01:30:24]} {[%emt 00:01:30]} e6
{[%clk 01:31:59]} {[%emt 00:00:06]} 5. Nf3 {[%clk 01:30:31]} {[%emt 00:00:23]}
Nbd7 {[%clk 01:32:23]} {[%emt 00:00:07]} 6. Bd3 {[%clk 01:29:37]} {[%emt
00:01:25]} c5 {[%clk 01:32:13]} {[%emt 00:00:39]} 7. O-O {[%clk 01:28:23]}
{[%emt 00:01:44]} c4 {[%clk 01:32:14]} {[%emt 00:00:30]} 8. Be2 {[%clk
01:23:11]} {[%emt 00:05:41]} b5 {[%clk 01:30:45]} {[%emt 00:01:58]} 9. a3
{[%clk 01:22:51]} {[%emt 00:00:51]} Be7 {[%clk 01:30:58]} {[%emt 00:00:17]} 10.
Nd2 {[%clk 01:17:13]} {[%emt 00:06:09]} O-O {[%clk 01:30:20]} {[%emt 00:01:08]}
11. e4 {[%clk 01:17:25]} {[%emt 00:00:17]} dxe4 {[%clk 01:29:38]} {[%emt
00:01:12]} 12. Ndxe4 {[%clk 01:17:13]} {[%emt 00:00:43]} Bb7 {[%clk 01:29:39]}
{[%emt 00:00:27]} 13. Bf3 {[%clk 01:17:15]} {[%emt 00:00:28]} Qb6 {[%clk
01:26:11]} {[%emt 00:03:53]} 14. Qd2 {[%clk 00:57:15]} {[%emt 00:20:35]} a5
{[%clk 01:22:06]} {[%emt 00:04:35]} 15. Rfe1 {[%clk 00:38:29]} {[%emt
00:19:16]} b4 {[%clk 01:17:04]} {[%emt 00:05:32]} 16. Nxf6+ {[%clk 00:31:21]}
{[%emt 00:07:37]} Nxf6 {[%clk 01:17:00]} {[%emt 00:00:34]} 17. Ne4 {[%clk
00:29:53]} {[%emt 00:01:59]} Nd5 {[%clk 01:07:33]} {[%emt 00:09:55]} 18. c3
{[%clk 00:23:06]} {[%emt 00:07:18]} Rfc8 {[%clk 01:02:49]} {[%emt 00:05:11]}
19. Bg3 {[%clk 00:16:58]} {[%emt 00:06:41]} h6 {[%clk 00:56:10]} {[%emt
00:07:09]} 20. Rec1 {[%clk 00:12:23]} {[%emt 00:05:06]} f5 {[%clk 00:55:41]}
{[%emt 00:00:59]} 21. Nc5 {[%clk 00:11:03]} {[%emt 00:01:51]} Bxc5 {[%clk
00:55:05]} {[%emt 00:01:06]} 22. dxc5 {[%clk 00:10:59]} {[%emt 00:00:34]} bxc3
{[%clk 00:49:13]} {[%emt 00:06:21]} 23. cxb6 {[%clk 00:06:51]} {[%emt
00:04:38]} cxd2 {[%clk 00:49:16]} {[%emt 00:00:27]} 24. Rd1 {[%clk 00:07:11]}
{[%emt 00:00:10]} c3 {[%clk 00:43:41]} {[%emt 00:06:04]} 25. bxc3 {[%clk
00:07:29]} {[%emt 00:00:13]} Rxc3 {[%clk 00:42:56]} {[%emt 00:01:14]} 26. Rxd2
{[%clk 00:07:40]} {[%emt 00:00:20]} Rac8 {[%clk 00:42:29]} {[%emt 00:00:54]}
27. Rdd1 {[%clk 00:07:10]} {[%emt 00:01:02]} g5 {[%clk 00:39:08]} {[%emt
00:03:50]} 28. Be5 {[%clk 00:06:55]} {[%emt 00:00:46]} Rc2 {[%clk 00:38:33]}
{[%emt 00:01:05]} 29. h3 {[%clk 00:06:41]} {[%emt 00:00:45]} Ba8 {[%clk
00:36:48]} {[%emt 00:02:15]} 30. Rdb1 {[%clk 00:05:39]} {[%emt 00:01:29]} Bb7
{[%clk 00:33:36]} {[%emt 00:03:45]} 31. Rb5 {[%clk 00:04:49]} {[%emt 00:01:20]}
R2c5 {[%clk 00:32:14]} {[%emt 00:01:51]} 32. Rxc5 {[%clk 00:04:25]} {[%emt
00:00:56]} Rxc5 {[%clk 00:32:33]} {[%emt 00:00:10]} 33. Rb1 {[%clk 00:04:34]}
{[%emt 00:00:21]} Kf7 {[%clk 00:31:29]} {[%emt 00:01:32]} 34. Kf1 {[%clk
00:02:20]} {[%emt 00:02:44]} Ba6+ {[%clk 00:27:37]} {[%emt 00:04:25]} 35. Ke1
{[%clk 00:01:32]} {[%emt 00:01:17]} Nxb6 {[%clk 00:24:43]} {[%emt 00:03:24]}
0-1

[Event "DVM U12 2023"]
[Site "Magdeburg GER"]
[Date "2023.12.27"]
[Round "2"]
[White "Dauerer, Leonhard"]
[Black "Stein, Daniel"]
[Result "1-0"]
[Termination "normal"]
[Board "3.4"]
[WhiteElo "1074"]
[BlackElo "1321"]
[WhiteClock "00:56:40"]
[BlackClock "00:21:23"]
[WhiteTeam "SK Kelheim 1920"]
[BlackTeam "SV Empor Berlin"]
[PlyCount "55"]
[WhiteFideId "34640223"]
[BlackFideId "34602917"]
[EventCountry "GER"]
[EventRounds "7"]
[EventType "team-swiss"]
[EventDate "2023.12.26"]

1. e4 {[%clk 01:30:51]} {[%emt 00:00:07]} e5 {[%clk 01:30:54]} {[%emt
00:00:06]} 2. Nf3 {[%clk 01:30:43]} {[%emt 00:00:39]} Nc6 {[%clk 01:31:05]}
{[%emt 00:00:19]} 3. Bc4 {[%clk 01:30:34]} {[%emt 00:00:39]} Nf6 {[%clk
01:30:32]} {[%emt 00:01:03]} 4. d3 {[%clk 01:29:01]} {[%emt 00:02:02]} Bc5
{[%clk 01:30:07]} {[%emt 00:00:55]} 5. c3 {[%clk 01:28:40]} {[%emt 00:00:52]}
d6 {[%clk 01:29:32]} {[%emt 00:01:04]} 6. a4 {[%clk 01:27:34]} {[%emt
00:01:36]} a6 {[%clk 01:28:54]} {[%emt 00:01:08]} 7. O-O {[%clk 01:27:16]}
{[%emt 00:00:49]} O-O {[%clk 01:27:51]} {[%emt 00:01:33]} 8. h3 {[%clk
01:25:33]} {[%emt 00:02:13]} Na7 {[%clk 01:24:28]} 9. b4 {[%clk 01:20:33]}
{[%emt 00:09:24]} Bb6 {[%clk 01:12:51]} 10. a5 {[%clk 01:20:11]} {[%emt
00:12:57]} c6 {[%clk 01:09:18]} 11. axb6 {[%clk 01:16:33]} {[%emt 00:08:09]}
Qxb6 {[%clk 01:07:36]} 12. Be3 {[%clk 01:15:29]} {[%emt 00:03:49]} Qc7 {[%clk
01:05:48]} 13. Nbd2 {[%clk 01:13:49]} {[%emt 00:04:28]} Re8 {[%clk 01:03:37]}
14. Ng5 {[%clk 01:13:26]} {[%emt 00:03:33]} d5 {[%clk 01:03:29]} 15. Bb3 {[%clk
01:13:26]} Nb5 {[%clk 01:00:41]} {[%emt 00:05:01]} 16. Rc1 {[%clk 01:10:09]}
{[%emt 00:03:12]} Be6 {[%clk 00:53:55]} {[%emt 00:07:17]} 17. f4 {[%clk
01:09:27]} {[%emt 00:01:12]} d4 {[%clk 00:49:47]} {[%emt 00:04:38]} 18. cxd4
{[%clk 01:07:43]} {[%emt 00:02:14]} Nxd4 {[%clk 00:46:55]} {[%emt 00:03:21]}
19. Bxd4 {[%clk 01:06:38]} {[%emt 00:01:35]} exd4 {[%clk 00:43:47]} {[%emt
00:03:39]} 20. Bxe6 {[%clk 01:06:34]} {[%emt 00:00:34]} fxe6 {[%clk 00:43:45]}
{[%emt 00:00:31]} 21. Nc4 {[%clk 01:06:41]} {[%emt 00:00:24]} b6 {[%clk
00:40:50]} {[%emt 00:03:24]} 22. Qb3 {[%clk 01:02:51]} {[%emt 00:04:20]} Rac8
{[%clk 00:38:13]} {[%emt 00:03:06]} 23. Ne5 {[%clk 01:02:19]} {[%emt 00:01:03]}
Qd6 {[%clk 00:33:51]} {[%emt 00:04:50]} 24. Rf2 {[%clk 01:00:54]} {[%emt
00:01:56]} h6 {[%clk 00:26:20]} {[%emt 00:08:03]} 25. Ngf3 {[%clk 00:59:35]}
{[%emt 00:01:49]} c5 {[%clk 00:25:19]} {[%emt 00:01:30]} 26. Rfc2 {[%clk
00:58:21]} {[%emt 00:01:43]} Rc7 {[%clk 00:24:49]} {[%emt 00:01:01]} 27. Nd2
{[%clk 00:57:25]} {[%emt 00:01:24]} Rec8 {[%clk 00:21:23]} {[%emt 00:03:58]}
28. Ndc4 {[%clk 00:56:40]} {[%emt 00:01:14]} 1-0